01826agaaa2200325 45000010005000000030009000050050017000140070009000310080040000400400023000800410013001031000041001161300028001572400033001852450184002182460026004022500022004282600110004503000034005605080164005945110080007585200359008385380016011975460013012136500056012267000053012827000059013357000049013947000057014430824IT-RoPAU20220918181238.0d cvaizq50131s9999||||xx ||| | || ||und|| aIT-RoPAUcIT-RoPAU aITALIANO aLee AnggCodice regista SPICS: 43645 aBANCHETTO DI NOZZE (IL) aWEDDING BANQUET (THE)gT2870 aBANCHETTO DI NOZZE (IL)cProdotto da: Hope T. Schamus J. -- Sceneggiatura: Lee Ang Peng Neil -- Diretto da: Lee AngpBANCHETTO DI NOZZE (IL) (Rif. Codice opera principale : D0824) aWEDDING BANQUET (THE) aEdizione Standard a(USA)bCENTRAL MOTION PICTURE / Distribuzione: LUCKY REDg"1993 (1° ed.: 1994 ; Ed. Lingua Orig.: 1993)" aVHSbsonoro, col.c104 minuti a"Fotografia: Lin Jong; Montaggio: Squyres Tim; Musica: Mader ; Sceneggiatura: Lee Ang Peng Neil; Scenografia: Rosenzweig Steve; Soggetto: Peng Neil -- Lee Ang" a"Birney Dion; Winston; Chao; (Wai-Tung; Gao); Chen Paul; Sullivan Patricia" aEMIGRATO DA TAIWAN NEGLI STATI UNITI WAI TUNG GAO E' DIVENTATO UN IMPRENDITORE DI SUCCESSO CONDIVIDE IL SUO ELEGANTE APPARTAMENTO DI MANHATTAN CON ILSUO AMANTE SIMON UN GIOVANE ED ATTRAENTE FISIOTERAPISTA. MA QUANDO I GENITORI ALL'OSCURO DEI SUOI GUSTI SESSUALI PARTECIPANO ALLE STRANE NOZZE DEL FIGLIO CON WEI WEI NON POSSONO IMMAGINARE COSA LI ASPETTA. aPAL, STEREO aITALIANO aDRAMMATICOeFILMS [VHS]xCodice MATERIA SPICS: 9960 aLee Ang e(regista)gCodice regista SPICS: 43645 aLee Ang e(soggetto)gCodice Soggetto 2° SPICS: 43645 aMader e(musica)gCodice Musica SPICS: 43647 aPeng Neil e(soggetto)gCodice Soggetto SPICS: 43646